| 000 | 00594nam a2200241Ia 4500 | ||
|---|---|---|---|
| 003 | OSt | ||
| 005 | 20220912152756.0 | ||
| 006 | a|||||r|||| 00| 0 | ||
| 007 | ta | ||
| 008 | 220909b |||||||| |||| 00| 0 eng d | ||
| 024 | _a34775 | ||
| 037 | _cTextual | ||
| 040 |
_aCSL _beng _cCSL |
||
| 041 | _aeng | ||
| 082 | _aU21.27161SB, L8 | ||
| 100 | _aRai Raj kumar | ||
| 245 | 0 | _aGeomophology of the sonar bearma basin | |
| 260 | _c1980 | ||
| 300 |
_ap. _ccm. |
||
| 650 | _aGeomorphology | ||
| 942 |
_hU21.27161SB, L8 _cTEXL _2CC |
||
| 999 |
_c91896 _d91896 |
||